Online Catalogue and eLibrary

Nikal (Record no. 4091)

MARC details
000 -LEADER
fixed length control field 00357nam a2200145Ia 4500
005 - DATE AND TIME OF LATEST TRANSACTION
control field 20250319065500.0
008 - FIXED-LENGTH DATA ELEMENTS--GENERAL INFORMATION
fixed length control field 240331s9999 xx 000 0 und d
082 ## - DDC Classification
Item Number - Author Mark NIK
Class No. 894
245 #0 - TITLE STATEMENT
Title Nikal
260 ## - PUBLICATION, DISTRIBUTION, ETC.
Place of publication, distribution, etc. Kovai
Name of publisher, distributor, etc. Uravu Achagam
Date of publication, distribution, etc. 1991
300 ## - PHYSICAL DESCRIPTION
Extent (e.g. Volumes, Pages etc.) 100 p .,
500 ## - GENERAL NOTE
General note Sowuth union nigalchigal patriyathu
700 ## - ADDED ENTRY--PERSONAL NAME
Personal name Palanisamy, K.
Relator term (Role) Editor
942 ## - Koha item type (Biblio)
Koha item type Books in Stacks (Lending)
Holdings
Lost status Damaged status Collection code Home library Current library Shelving location Date acquired Full call number Accession Number Item type
    Lending WERC Library WERC Library Social Science Cupboard 03/31/2024 894.811 NIK 1652 Books in Stacks (Lending)

© WERC Library